000 00809nam a2200289#a 4500
001 01998
003 HDC
007 ta
008 230623s2006 xx 000 0 eng d
020 _a1933914025 (hbk).
040 _aHDC
050 _aHG179
_b.T788 2006
100 _aTrump, Donald,
_d1946-.
245 0 _aWhy we want you to be rich :
_btwo men, one message /
_cDonald J. Trump, [Meredith McIver] ; Robert T. Kiyosaki, [Sharon Lechter].
264 _a[New York] :
_bRich Press,
_c2006.
300 _a vi,345p. :
_b ill. ;
_c 24cm.
500 _aIncludes index.
650 _aFinance, Personal.
650 _aInvestments.
650 _aRich people.
650 _aWealth.
700 _aKiyosaki, Robert T.,
_d1947-.
942 _2lcc
942 _cBK
942 _kHG179
942 _m.T788 2006
999 _c23558
_d23558